| 000 | 00620nmm a2200193Ia 4500 | ||
|---|---|---|---|
| 008 | 251105s9999||||xx |||||||||||||||||und|| | ||
| 041 | _aspa | ||
| 100 | _aHerrero Saura, Javier | ||
| 245 | 0 | _aLos orígenes del pensamiento reaccionario español | |
| 264 |
_a[Madrid, España] : _bPrensas Universitarias de Zaragoza, _c2020 |
||
| 300 | _a528 páginas | ||
| 490 | _aCiencias sociales | ||
| 650 | _aPolitical Science (General) | ||
| 700 | _aHerrero Saura, Javier | ||
| 700 | 1 | _a García Monerris, Encarna | |
| 700 | 1 | _a Escrig Rosa, Josep | |
| 856 | _uhttps://public.digitaliapublishing.com/a/70142 | ||
| 942 | _cCF | ||
| 999 |
_c66879 _d66879 |
||